ポケモンの英語名→日本語名(第1世代) - Statistics

General Stats
  • This quiz has been taken 47 times
  • The average score is 51 of 151
Answer Stats
# 英語 日本語 % Correct
24 Arbok アーボック
79%
29 Nidoran♀ ニドラン♀
79%
30 Nidorina ニドリーナ
79%
33 Nidorino ニドリーノ
79%
151 Mew ミュウ
76%
150 Mewtwo ミュウツー
76%
32 Nidoran♂ ニドラン♂
76%
46 Paras パラス
76%
25 Pikachu ピカチュウ
76%
26 Raichu ライチュウ
76%
133 Eevee イーブイ
73%
42 Golbat ゴルバット
73%
140 Kabuto カブト
73%
34 Nidoking ニドキング
73%
31 Nidoqueen ニドクイン
73%
47 Parasect パラセクト
73%
41 Zubat ズバット
73%
56 Mankey マンキー
70%
12 Butterfree バタフリー
67%
85 Dodrio ドードリオ
67%
130 Gyarados ギャラドス
67%
141 Kabutops カブトプス
67%
131 Lapras ラプラス
67%
18 Pidgeot ピジョット
67%
137 Porygon ポリゴン
67%
10 Caterpie キャタピー
64%
84 Doduo ドードー
64%
94 Gengar ゲンガー
64%
138 Omanyte オムナイト
64%
139 Omastar オムスター
64%
28 Sandslash サンドパン
61%
149 Dragonite カイリュー
58%
99 Kingler キングラー
58%
53 Persian ペルシアン
58%
17 Pidgeotto ピジョン
58%
27 Sandshrew サンド
58%
117 Seadra シードラ
58%
148 Dragonair ハクリュー
55%
55 Golduck ゴルダック
55%
19 Rattata コラッタ
55%
112 Rhydon サイドン
55%
90 Shellder シェルダー
55%
6 Charizard リザードン
52%
68 Machamp カイリキー
52%
38 Ninetales キュウコン
52%
111 Rhyhorn サイホーン
52%
51 Dugtrio ダグトリオ
48%
15 Beedrill スピアー
45%
4 Charmander ヒトカゲ
45%
147 Dratini ミニリュウ
45%
98 Krabby クラブ
45%
67 Machoke ゴーリキー
45%
66 Machop ワンリキー
45%
16 Pidgey ポッポ
45%
77 Ponyta ポニータ
45%
121 Starmie スターミー
45%
128 Tauros ケンタロス
45%
132 Ditto メタモン
42%
52 Meowth ニャース
42%
54 Psyduck コダック
42%
63 Abra ケーシィ
39%
92 Gastly ゴース
39%
64 Kadabra ユンゲラー
39%
122 Mr. Mime バリヤード
39%
81 Magnemite コイル
36%
82 Magneton レアコイル
36%
80 Slowbro ヤドラン
36%
79 Slowpoke ヤドン
36%
5 Charmeleon リザード
33%
129 Magikarp コイキング
33%
125 Electabuzz エレブー
30%
39 Jigglypuff プリン
30%
20 Raticate ラッタ
30%
120 Staryu ヒトデマン
30%
69 Bellsprout マダツボミ
24%
104 Cubone カラカラ
24%
50 Diglett ディグダ
24%
126 Magmar ブーバー
24%
72 Tentacool メノクラゲ
24%
73 Tentacruel ドククラゲ
24%
40 Wigglytuff プクリン
24%
23 Ekans アーボ
21%
93 Haunter ゴースト
21%
97 Hypno スリーパー
21%
2 Ivysaur フシギソウ
21%
49 Venomoth モルフォン
21%
1 Bulbasaur フシギダネ
18%
76 Golem ゴローニャ
18%
135 Jolteon サンダース
18%
115 Kangaskhan ガルーラ
18%
123 Scyther ストライク
18%
143 Snorlax カビゴン
18%
7 Squirtle ゼニガメ
18%
134 Vaporeon シャワーズ
18%
48 Venonat コンパン
18%
3 Venusaur フシギバナ
18%
13 Weedle ビードル
18%
145 Zapdos サンダー
18%
142 Aerodactyl プテラ
15%
9 Blastoise カメックス
15%
35 Clefairy ピッピ
15%
101 Electrode マルマイン
15%
136 Flareon ブースター
15%
107 Hitmonchan エビワラー
15%
106 Hitmonlee サワムラー
15%
116 Horsea タッツー
15%
108 Lickitung ベロリンガ
15%
60 Poliwag ニョロモ
15%
62 Poliwrath ニョロボン
15%
21 Spearow オニスズメ
15%
65 Alakazam フーディン
12%
36 Clefable ピクシー
12%
87 Dewgong ジュゴン
12%
102 Exeggcute タマタマ
12%
103 Exeggutor ナッシー
12%
74 Geodude イシツブテ
12%
89 Muk ベトベトン
12%
61 Poliwhirl ニョロゾ
12%
37 Vulpix ロコン
12%
8 Wartortle カメール
12%
59 Arcanine ウインディ
9%
113 Chansey ラッキー
9%
91 Cloyster パルシェン
9%
83 Farfetch’d カモネギ
9%
11 Metapod トランセル
9%
127 Pinsir カイロス
9%
78 Rapidash ギャロップ
9%
86 Seel パウワウ
9%
71 Victreebel ウツボット
9%
144 Articuno フリーザー
6%
22 Fearow オニドリル
6%
124 Jynx ルージュラ
6%
14 Kakuna コクーン
6%
109 Koffing ドガース
6%
114 Tangela モンジャラ
6%
45 Vileplume ラフレシア
6%
100 Voltorb ビリリダマ
6%
70 Weepinbell ウツドン
6%
44 Gloom クサイハナ
3%
105 Marowak ガラガラ
3%
146 Moltres ファイヤー
3%
43 Oddish ナゾノクサ
3%
95 Onix イワーク
3%
57 Primeape オコリザル
3%
119 Seaking アズマオウ
3%
110 Weezing マタドガス
3%
96 Drowzee スリープ
0%
118 Goldeen トサキント
0%
75 Graveler ゴローン
0%
88 Grimer ベトベター
0%
58 Growlithe ガーディ
0%
No matching quizzes found
Score Distribution
Percent of People with Each Score
Percentile by Number Answered
Your Score History
You have not taken this quiz